Turbo Pascal 5.5

Gespeichert in:
Bibliographische Detailangaben
1. Verfasser: Schäpers, Arne
Format: Buch
Sprache:Englisch
Veröffentlicht: Amsterdam Addison-Wesley Pub. Co. 1990
Ausgabe:1. ed.
Tags: Tag hinzufügen
Keine Tags, Fügen Sie das erste Tag hinzu!

MARC

LEADER 00000nam a2200000 4500
001 c035306
005 20260119074516.8
041 0 |a eng 
044 |a NL 
245 1 0 |a Turbo Pascal 5.5  |c Arne Schäpers 
250 |a 1. ed. 
264 1 |a Amsterdam  |b Addison-Wesley Pub. Co.  |c 1990 
300 |a 505 s. 
100 1 |a Schäpers, Arne